[Event "SR 3. liga A2 2013/2014"]
[Site "?"]
[Date "2014.02.02"]
[Round "8.4"]
[White "Gasa, Patrik"]
[Black "Pericka, Tomas"]
[Result "0-1"]
[WhiteElo "1956"]
[BlackElo "1994"]
[PlyCount "84"]
[EventDate "2013.??.??"]

1. c4 c5 2. Nc3 Nc6 3. g3 g6 4. Bg2 Bg7 5. e3 d6 6. Nge2 h5 7. d4 cxd4 8. exd4
h4 9. Be3 Nf6 10. a3 Bf5 11. b4 a6 12. Rc1 Qd7 13. Na4 Qd8 14. h3 hxg3 15. Nxg3
Bd7 16. d5 Ne5 17. Nb6 Bh6 18. Nxa8 Bxe3 19. fxe3 Qxa8 20. c5 Qc8 21. c6 bxc6
22. dxc6 Nxc6 23. Qa4 d5 24. Qb3 Qb8 25. Ne2 Ne5 26. Qc3 O-O 27. Nf4 Rc8 28.
Qa1 Rxc1+ 29. Qxc1 g5 30. O-O gxf4 31. exf4 Qb6+ 32. Kh2 Nc4 33. Re1 Be6 34. f5
Qd6+ 35. Kh1 Bxf5 36. Qg5+ Bg6 37. Rd1 d4 38. Qc1 Ne3 39. Rg1 Qg3 40. Qc8+ Kg7
41. Qxa6 Nxg2 42. Rxg2 Be4 0-1

[Event "SR 3. liga A2 2013/2014"]
[Site "?"]
[Date "2014.02.02"]
[Round "8.4"]
[White "Nemeckay, Rastislav"]
[Black "Lanik, Miroslav"]
[Result "1/2-1/2"]
[WhiteElo "1986"]
[BlackElo "1925"]
[PlyCount "30"]
[EventDate "2013.??.??"]

1. e4 c5 2. Nf3 d6 3. Bb5+ Bd7 4. Bxd7+ Nxd7 5. O-O g6 6. c3 Bg7 7. d4 Ngf6 8.
e5 dxe5 9. dxe5 Ng4 10. e6 Nde5 11. exf7+ Nxf7 12. Qe2 O-O 13. Ng5 Nxg5 14.
Bxg5 Nf6 15. Nd2 Kh8 1/2-1/2

[Event "SR 3. liga A2 2013/2014"]
[Site "?"]
[Date "2014.02.02"]
[Round "8.4"]
[White "Palka, Martin"]
[Black "Spacek, Marcel"]
[Result "1-0"]
[WhiteElo "1881"]
[BlackElo "1818"]
[PlyCount "75"]
[EventDate "2013.??.??"]

1. Nf3 Nf6 2. c4 g6 3. Nc3 Bg7 4. e4 d6 5. d4 O-O 6. h3 c5 7. d5 Na6 8. Be2 Bd7
9. Bg5 Nc7 10. Qd2 a6 11. a4 b5 12. axb5 axb5 13. Rxa8 Qxa8 14. cxb5 Qa1+ 15.
Qc1 Qa5 16. O-O Nxb5 17. Bd3 e6 18. Bd2 Nd4 19. Nxd4 cxd4 20. Ne2 Qc5 21. dxe6
Bxe6 22. b4 Qb6 23. Qb2 Nd7 24. Qa3 Ne5 25. Rc1 d5 26. Nf4 dxe4 27. Nxe6 Nxd3
28. Nxf8 Nxc1 29. Nd7 Qd8 30. Nc5 Ne2+ 31. Kf1 Nc3 32. Qa5 Qd5 33. Qa6 Bf8 34.
Qc8 Qc4+ 35. Kg1 Qxb4 36. Nd7 Kg7 37. Nxf8 Qxf8 38. Bh6+ 1-0

[Event "SR 3. liga A2 2013/2014"]
[Site "?"]
[Date "2014.02.02"]
[Round "8.4"]
[White "Ocko, Martin"]
[Black "Palka, Miroslav"]
[Result "1/2-1/2"]
[WhiteElo "1736"]
[BlackElo "1924"]
[PlyCount "77"]
[EventDate "2013.??.??"]

1. d4 d5 2. c4 e6 3. Nf3 g6 4. Nc3 Bg7 5. cxd5 exd5 6. g3 Ne7 7. Bg5 O-O 8.
Bxe7 Qxe7 9. Nxd5 Qd6 10. Nc3 Bg4 11. Bg2 Qb4 12. Qb3 Qxb3 13. axb3 c6 14. e3
Re8 15. O-O Na6 16. Nd2 Nb4 17. Nc4 a6 18. Nd6 Re7 19. Ra4 Nd3 20. Nxb7 Rxb7
21. Bxc6 Rab8 22. Bxb7 Rxb7 23. Rxa6 Rxb3 24. Rb1 Bf8 25. f4 Nxb2 26. Na4 Ba3
27. Nxb2 Rxb2 28. Rxb2 Bxb2 29. Kf2 Bc3 30. Rc6 Bb4 31. e4 Kf8 32. Ke3 Ke8 33.
Rc4 Be7 34. d5 h5 35. e5 Bd8 36. Rc6 Bd7 37. Ra6 Bc8 38. Ra2 Bb6+ 39. Kf3
1/2-1/2

[Event "SR 3. liga A2 2013/2014"]
[Site "?"]
[Date "2014.02.02"]
[Round "8.4"]
[White "Zisek, Jaroslav"]
[Black "Pipiska, Adam"]
[Result "1-0"]
[WhiteElo "1821"]
[BlackElo "1737"]
[PlyCount "61"]
[EventDate "2013.??.??"]

1. c4 d6 2. Nc3 g6 3. g3 Bg7 4. Bg2 Nf6 5. e4 O-O 6. Nge2 Nc6 7. d4 e5 8. O-O
exd4 9. Nxd4 Nxd4 10. Qxd4 Re8 11. Qd3 Be6 12. h3 Nd7 13. b3 Nc5 14. Qc2 Bd7
15. Bb2 Qc8 16. Kh2 Ne6 17. Nd5 Nd4 18. Qd2 c5 19. f4 f5 20. Rae1 Qd8 21. exf5
Nxf5 22. Bxg7 Nxg7 23. Rxe8+ Bxe8 24. Re1 Bf7 25. Re7 Nf5 26. Rd7 Qf8 27. g4
Nd4 28. Rxb7 Kh8 29. Nc7 Rd8 30. Nb5 Nxb5 31. cxb5 1-0

[Event "SR 3. liga A2 2013/2014"]
[Site "?"]
[Date "2014.02.02"]
[Round "8.4"]
[White "Skapik, Branislav"]
[Black "Fidericky, Milan"]
[Result "1-0"]
[WhiteElo "1841"]
[BlackElo "1816"]
[PlyCount "107"]
[EventDate "2013.??.??"]

1. Nf3 d5 2. g3 g6 3. Bg2 Bg7 4. d4 Nf6 5. O-O O-O 6. Nc3 Nc6 7. Re1 e6 8. Bf4
Nh5 9. Bg5 f6 10. Bd2 Bh8 11. g4 Ng7 12. Bh6 Rf7 13. e4 dxe4 14. Nxe4 Ne8 15.
Nc5 Re7 16. h4 Qd6 17. c3 Nd8 18. Nd2 c6 19. Nde4 Qc7 20. Qf3 Nf7 21. Bf4 e5
22. Bg3 b6 23. Nd3 Bb7 24. Rac1 Rd8 25. Bh3 c5 26. Qe3 exd4 27. Bxc7 dxe3 28.
Bxd8 Rxe4 29. f3 Re6 30. Nf4 Rd6 31. Be7 Rd7 32. Rxe3 Ne5 33. Bxf6 Bxf6 34. g5
Nxf3+ 35. Rxf3 Bxf3 36. Bxd7 Be5 37. Nd3 Bg3 38. Bxe8 Bxh4 39. Ne5 Bxg5 40. Re1
Bd5 41. c4 Bb7 42. Bc6 Bc8 43. Bd5+ Kg7 44. Nf3 Bf6 45. b3 Bd7 46. Kg2 g5 47.
Rf1 Be8 48. Nd2 Bg6 49. Ne4 Be7 50. Ng3 Bd8 51. Be4 Bxe4+ 52. Nxe4 h5 53. Rf5
Kg6 54. Rd5 1-0

[Event "SR 3. liga A2 2013/2014"]
[Site "?"]
[Date "2014.02.02"]
[Round "8.4"]
[White "Kubik, Peter"]
[Black "Pericka, Pavol"]
[Result "1/2-1/2"]
[WhiteElo "1771"]
[BlackElo "1793"]
[PlyCount "58"]
[EventDate "2013.??.??"]

1. e4 e5 2. Nf3 Nc6 3. Nc3 Bc5 4. Nxe5 Bxf2+ 5. Kxf2 Nxe5 6. d4 Qf6+ 7. Kg1 Ng4
8. Qd2 Ne7 9. h3 Nh6 10. Bc4 O-O 11. Qf2 Qg6 12. Bf4 d6 13. Re1 Kh8 14. Nb5 Be6
15. d5 Bd7 16. Nd4 c6 17. Qd2 c5 18. Nf3 f6 19. Bxd6 Rfe8 20. Bxc5 Rac8 21.
Bxe7 Rxc4 22. d6 Rec8 23. c3 Nf7 24. Qe3 b6 25. Kh2 R8c5 26. Rhf1 Rh5 27. Nd2
Ne5 28. Kh1 Rc5 29. b4 Ng4 1/2-1/2

[Event "SR 3. liga A2 2013/2014"]
[Site "?"]
[Date "2014.02.02"]
[Round "8.5"]
[White "Malar, Pavol"]
[Black "Horak, Ivan"]
[Result "0-1"]
[WhiteElo "2104"]
[BlackElo "2070"]
[PlyCount "146"]
[EventDate "2013.??.??"]

1. e4 c5 2. Nf3 d6 3. Bb5+ Nd7 4. c3 a6 5. Ba4 b5 6. Bc2 e5 7. O-O Be7 8. a4
Bb7 9. Qe2 Ngf6 10. Na3 O-O 11. d3 Bc6 12. Bg5 h6 13. Bd2 Re8 14. d4 exd4 15.
axb5 axb5 16. Nxb5 Qb6 17. Bd3 Bf8 18. Rxa8 Bxa8 19. cxd4 c4 20. Bxc4 d5 21. e5
dxc4 22. Qxc4 Bd5 23. Qd3 Bc6 24. Nc3 Nd5 25. Nxd5 Bxd5 26. Bc3 Qb7 27. Rd1 Nb6
28. Ne1 Na4 29. Qd2 Rb8 30. f3 Bb3 31. Rc1 Qd5 32. Nd3 Rd8 33. Nf4 Qd7 34. Qe3
Rc8 35. g4 Be7 36. Kg2 Bg5 37. Kg3 Nb6 38. Bd2 Rxc1 39. Bxc1 Bc4 40. Qc3 Qb5
41. h4 Bxf4+ 42. Bxf4 Nd5 43. Qa3 Nxf4 44. Kxf4 Bb3 45. Qc5 Qb7 46. Qc3 g6 47.
Kg3 Qb5 48. h5 g5 49. Kf2 Bd1 50. Qd2 Qb3 51. Qc3 Qa2 52. Qc8+ Kg7 53. Qc1 Bb3
54. Kg3 Bd5 55. Qc5 Qb3 56. Qc3 Qd1 57. Qe3 Qf1 58. e6 Bxe6 59. d5 Bd7 60. Qe5+
Kg8 61. Qd6 Bb5 62. Qb6 Qe1+ 63. Kg2 Bf1+ 64. Kg1 Bc4+ 65. Kg2 Qe2+ 66. Kg3
Qe5+ 67. Kg2 Bxd5 68. Qxh6 Qxb2+ 69. Kh3 Qe5 70. Qb6 Bxf3 71. Qd8+ Kh7 72. Qf8
Qf4 73. Qc8 Be4 0-1

[Event "SR 3. liga A2 2013/2014"]
[Site "?"]
[Date "2014.02.02"]
[Round "8.5"]
[White "Sefcik, Marek"]
[Black "Bisco, Igor"]
[Result "1/2-1/2"]
[WhiteElo "2030"]
[BlackElo "2086"]
[PlyCount "72"]
[EventDate "2013.??.??"]

1. Nf3 Nf6 2. d4 g6 3. Bf4 Bg7 4. e3 O-O 5. h3 d6 6. Be2 Nbd7 7. O-O Re8 8. Re1
Nf8 9. c4 h6 10. Bh2 g5 11. Nfd2 Ng6 12. Nc3 e5 13. Nf1 Bd7 14. Ng3 exd4 15.
exd4 Nf4 16. Bf3 Rxe1+ 17. Qxe1 Qc8 18. Qe3 Bxh3 19. Nge4 Ng4 20. Bxg4 Qxg4 21.
Qg3 Qxg3 22. Bxg3 Bxg2 23. Bxf4 Bxe4 24. Nxe4 gxf4 25. Rd1 Re8 26. Nc3 c6 27.
Kg2 a6 28. Kf3 b5 29. cxb5 axb5 30. a3 Rb8 31. Kxf4 b4 32. Ne4 bxa3 33. bxa3
Rb3 34. Nxd6 Rxa3 35. Nf5 Kh7 36. Rc1 Ra6 1/2-1/2

[Event "SR 3. liga A2 2013/2014"]
[Site "?"]
[Date "2014.02.02"]
[Round "8.5"]
[White "Hertel, Ondrej"]
[Black "Kovarik, Oto"]
[Result "1-0"]
[WhiteElo "2055"]
[BlackElo "1925"]
[PlyCount "61"]
[EventDate "2013.??.??"]

1. d4 d5 2. Nf3 e6 3. c4 Nf6 4. Bg5 Be7 5. e3 O-O 6. Nc3 h6 7. Bh4 dxc4 8. Bxc4
c5 9. O-O Nbd7 10. Qe2 a6 11. a4 b6 12. Rfd1 Qc7 13. e4 cxd4 14. Nxd4 Bd6 15.
Nf3 Bb7 16. Rac1 Bf4 17. Rc2 Ne5 18. Nxe5 Bxe5 19. Bg3 Bxg3 20. hxg3 Rfc8 21.
Bb3 Qe5 22. f4 Qc5+ 23. Kh2 Qb4 24. e5 Qxb3 25. exf6 gxf6 26. Rcd2 Bc6 27. Ne4
Bxe4 28. Qxe4 Qc4 29. Qf3 Ra7 30. Rd8+ Kh7 31. Qg4 1-0

[Event "SR 3. liga A2 2013/2014"]
[Site "?"]
[Date "2014.02.02"]
[Round "8.5"]
[White "Husek, Lubomir"]
[Black "Peska, Juraj"]
[Result "1/2-1/2"]
[WhiteElo "1829"]
[BlackElo "1926"]
[PlyCount "63"]
[EventDate "2013.??.??"]

1. e4 e5 2. Nf3 Nc6 3. Bc4 Be7 4. O-O Nf6 5. Re1 O-O 6. c3 d6 7. d4 a6 8. a3
Bg4 9. Qd3 h6 10. Nbd2 Nh7 11. b4 Ng5 12. Nxg5 Bxg5 13. Nf1 Kh8 14. Bxg5 Qxg5
15. Ng3 f5 16. exf5 Bxf5 17. Nxf5 Rxf5 18. Re3 Raf8 19. Rg3 Qf6 20. d5 Ne7 21.
f3 Ng6 22. Bb3 Nf4 23. Qe4 Rg5 24. Bc2 g6 25. Re1 Kg7 26. Kf2 h5 27. Rxg5 Qxg5
28. g3 Nh3+ 29. Kg2 Nf4+ 30. Kh1 Nh3 31. Kg2 Nf4+ 32. Kh1 1/2-1/2

[Event "SR 3. liga A2 2013/2014"]
[Site "?"]
[Date "2014.02.02"]
[Round "8.5"]
[White "Majtan, Martin"]
[Black "Holiencin, Filip"]
[Result "0-1"]
[WhiteElo "1863"]
[BlackElo "1828"]
[PlyCount "66"]
[EventDate "2013.??.??"]

1. e4 c5 2. Nc3 d6 3. g3 Nf6 4. Bg2 Nc6 5. d3 Bg4 6. f3 Bd7 7. Be3 e5 8. Bg5
Be7 9. Nge2 a6 10. Bxf6 Bxf6 11. Nd5 Be6 12. O-O b5 13. c3 Rb8 14. b4 cxb4 15.
cxb4 Bxd5 16. exd5 Nxb4 17. Qb3 a5 18. Rac1 O-O 19. a3 Na6 20. Rc6 Nc5 21. Qc2
b4 22. axb4 Rxb4 23. Nc3 Qd7 24. Ne4 Be7 25. Ra1 Ra8 26. Nxc5 dxc5 27. f4 Bd6
28. fxe5 Bxe5 29. Re1 Bd4+ 30. Kh1 Rb2 31. Qa4 Rab8 32. Qxa5 Rxg2 33. Qc7 Rxh2+
0-1

[Event "SR 3. liga A2 2013/2014"]
[Site "?"]
[Date "2014.02.02"]
[Round "8.5"]
[White "Hrubos, Milan"]
[Black "Barca, Michal"]
[Result "1-0"]
[WhiteElo "1772"]
[BlackElo "1807"]
[PlyCount "93"]
[EventDate "2013.??.??"]

1. e4 d5 2. exd5 Qxd5 3. Nc3 Qd6 4. d4 Nf6 5. Be3 g6 6. Nf3 Bg7 7. Bc4 O-O 8.
Qd2 Ng4 9. O-O-O Nxe3 10. fxe3 c6 11. a3 b5 12. Ba2 a5 13. Ne4 Qc7 14. h4 h5
15. Nfg5 Nd7 16. Nxf7 e6 17. Bxe6 Nf6 18. Nxf6+ Bxf6 19. Ng5+ Kg7 20. Bxc8 Bxg5
21. hxg5 Rfxc8 22. Rdf1 Rf8 23. e4 Qe7 24. e5 b4 25. a4 Rad8 26. Rf6 c5 27. Qd3
Qe8 28. Rxf8 Qxf8 29. Qe4 cxd4 30. e6 Qe7 31. Qe5+ Kh7 32. Rf1 Rf8 33. Rxf8
Qxf8 34. Qf6 Qe8 35. b3 d3 36. cxd3 Qc6+ 37. Kd1 Qd5 38. e7 Qxd3+ 39. Ke1 Qe3+
40. Kf1 Qc1+ 41. Kf2 Qc5+ 42. Kf3 Qd5+ 43. Kg3 h4+ 44. Kxh4 Qe4+ 45. Kh3 Kg8
46. Qf8+ Kh7 47. Qf7+ 1-0

[Event "SR 3. liga A2 2013/2014"]
[Site "?"]
[Date "2014.02.02"]
[Round "8.5"]
[White "Janas, Peter"]
[Black "Benak, Peter"]
[Result "1-0"]
[WhiteElo "1707"]
[BlackElo "1601"]
[PlyCount "71"]
[EventDate "2013.??.??"]

1. Nf3 Nf6 2. d4 d5 3. Bg5 e6 4. c4 Be7 5. Nc3 O-O 6. e3 b6 7. Be2 Bb7 8. O-O
Nbd7 9. Re1 dxc4 10. Bxc4 Ne4 11. Bxe7 Qxe7 12. Bd3 Nxc3 13. bxc3 c5 14. e4
cxd4 15. cxd4 Qd6 16. e5 Bxf3 17. gxf3 Qe7 18. Kh1 Rfc8 19. Qd2 Nf8 20. Rg1 Ng6
21. Rg3 Nh4 22. Be4 Rab8 23. Rg4 Nf5 24. d5 g6 25. d6 Qd7 26. Rgg1 Rc5 27. f4
Rbc8 28. Rac1 Kf8 29. Rxc5 Rxc5 30. Rc1 Ke8 31. Rxc5 bxc5 32. Qb2 Kd8 33. Qb8+
Qc8 34. Qxa7 Qd7 35. Bb7 c4 36. Qb8+ 1-0

[Event "SR 3. liga A2 2013/2014"]
[Site "?"]
[Date "2014.02.02"]
[Round "8.5"]
[White "Sladek, Michal"]
[Black "Niznansky, Lukas"]
[Result "0-1"]
[WhiteElo "1241"]
[BlackElo "1684"]
[PlyCount "56"]
[EventDate "2013.??.??"]

1. e4 e5 2. Nf3 Nc6 3. Bc4 Bc5 4. Nc3 Nf6 5. h3 d6 6. d3 h6 7. a3 O-O 8. g4 Nd4
9. g5 hxg5 10. Bxg5 c6 11. h4 Bg4 12. Qc1 Nxf3+ 13. Kf1 b5 14. Bb3 Qb6 15. Nd1
Nh5 16. Be3 Bxe3 17. Nxe3 Nf4 18. Nxg4 Kh8 19. Qd1 Nd4 20. c3 Nde6 21. h5 f5
22. Bxe6 Nxe6 23. Ne3 fxe4 24. dxe4 Qxe3 25. Qe2 Qxe2+ 26. Kxe2 Rf6 27. Rag1
Raf8 28. Rg2 Nf4+ 0-1

[Event "SR 3. liga A2 2013/2014"]
[Site "?"]
[Date "2014.02.02"]
[Round "8.6"]
[White "Ress, Tamas"]
[Black "Nicolini, Alexander"]
[Result "1/2-1/2"]
[WhiteElo "2309"]
[BlackElo "2151"]
[PlyCount "44"]
[EventDate "2013.??.??"]

1. d4 f5 2. e4 fxe4 3. Nc3 Nf6 4. Bg5 Nc6 5. d5 Ne5 6. Qd4 Nf7 7. h4 c6 8.
O-O-O Qb6 9. Bxf6 gxf6 10. Qxe4 Qxf2 11. Nf3 Bh6+ 12. Kb1 Qe3 13. Qg4 Qf4 14.
Qh5 d6 15. dxc6 bxc6 16. Qa5 Qf5 17. Qa4 Qc5 18. Bc4 Rb8 19. Nd4 Rb4 20. Qxc6+
Qxc6 21. Bxf7+ Kxf7 22. Nxc6 Rc4 1/2-1/2

[Event "SR 3. liga A2 2013/2014"]
[Site "?"]
[Date "2014.02.02"]
[Round "8.6"]
[White "Doucha, Ludvik"]
[Black "Cibulka, Vladimir"]
[Result "1/2-1/2"]
[WhiteElo "2039"]
[BlackElo "2238"]
[PlyCount "101"]
[EventDate "2013.??.??"]

1. e4 Nf6 2. d3 d5 3. Nd2 Nc6 4. Ngf3 e5 5. g3 Bc5 6. Bg2 O-O 7. O-O Re8 8. h3
dxe4 9. dxe4 Be6 10. Ng5 Bd7 11. c3 h6 12. Ngf3 a5 13. Qe2 Qe7 14. Re1 b5 15.
Nb3 Bb6 16. Qxb5 a4 17. Nbd2 Nd4 18. Qd3 Bb5 19. c4 Bc6 20. Nxd4 Bxd4 21. Nf3
Bb6 22. Qc2 Red8 23. Nh4 Qb4 24. Re2 Rd4 25. Bd2 Qxc4 26. Qxc4 Rxc4 27. Rc1
Rxc1+ 28. Bxc1 Rd8 29. Be3 Rd1+ 30. Kh2 Bxe3 31. Rxe3 Rd2 32. Nf5 Kh7 33. Ne7
Bb7 34. f3 Rxb2 35. Ra3 Nxe4 36. Rxa4 Nd2 37. g4 Bxf3 38. Bxf3 Nxf3+ 39. Kg3
Nd4 40. Ra5 Rb5 41. Rxb5 Nxb5 42. Nc6 Na3 43. Nxe5 f6 44. Nd7 Kg6 45. Kf4 Kf7
46. Nc5 c6 47. Ke4 g6 48. h4 Ke7 49. h5 Kf7 50. Kf4 g5+ 51. Kf5 1/2-1/2

[Event "SR 3. liga A2 2013/2014"]
[Site "?"]
[Date "2014.02.02"]
[Round "8.6"]
[White "Takacs, Laszlo"]
[Black "Sturdik, Igor"]
[Result "1-0"]
[WhiteElo "2130"]
[BlackElo "2017"]
[PlyCount "85"]
[EventDate "2013.??.??"]

1. e4 Nf6 2. e5 Nd5 3. d4 d6 4. c4 Nb6 5. exd6 exd6 6. Be3 Be7 7. Bd3 Nc6 8. a3
Bf6 9. Ne2 Bg4 10. f3 Bh5 11. O-O O-O 12. Nbc3 Re8 13. Bf2 Bg6 14. Ne4 Be7 15.
Nf4 d5 16. cxd5 Nxd5 17. Nxg6 hxg6 18. Bb5 a6 19. Bxc6 bxc6 20. Qa4 f5 21. Nc3
Nxc3 22. bxc3 c5 23. Qc4+ Kf8 24. dxc5 c6 25. Rad1 Qa5 26. Rd7 Rad8 27. Ra7 Qb5
28. Qe6 Qb8 29. Rxe7 Rxe7 30. Qxg6 Rd5 31. Qxc6 Qb7 32. Qb6 Qc8 33. Rb1 Rd2 34.
Be1 Rde2 35. Bg3 f4 36. Bxf4 Re1+ 37. Rxe1 Rxe1+ 38. Kf2 Ra1 39. Qd6+ Kg8 40.
c6 Qf5 41. c7 Ra2+ 42. Kg3 Kh7 43. Qe5 1-0

[Event "SR 3. liga A2 2013/2014"]
[Site "?"]
[Date "2014.02.02"]
[Round "8.6"]
[White "Lukacovic, Miroslav"]
[Black "Ivan, Imrich"]
[Result "0-1"]
[WhiteElo "2003"]
[BlackElo "2071"]
[PlyCount "82"]
[EventDate "2013.??.??"]

1. d4 e6 2. c4 Nf6 3. Nc3 d5 4. Nf3 h6 5. a3 c6 6. Bf4 dxc4 7. e3 b5 8. Ne5 Bb7
9. Be2 Be7 10. Bf3 a6 11. O-O O-O 12. a4 Nd5 13. Ne2 Nxf4 14. Nxf4 Qc7 15. Be4
Nd7 16. Nf3 Bd6 17. Nh5 f5 18. Bc2 g6 19. Ng3 Nf6 20. b3 c3 21. Qd3 b4 22. Nh4
Qf7 23. e4 Bxg3 24. Qxg3 Kh7 25. exf5 exf5 26. Rfe1 Rae8 27. Bd3 Ne4 28. Qf4
Bc8 29. Qb8 Qb7 30. Qxb7+ Bxb7 31. Nf3 c5 32. dxc5 Nxc5 33. Ne5 Nxb3 34. Rad1
Nd2 35. Nd7 Rxe1+ 36. Rxe1 Rf7 37. Nc5 a5 38. Bc2 Bd5 39. Re5 Ba2 40. Re3 Rc7
41. Ne6 Bxe6 0-1

[Event "SR 3. liga A2 2013/2014"]
[Site "?"]
[Date "2014.02.02"]
[Round "8.6"]
[White "Csefalvay, Stefan"]
[Black "Bahna, Jan"]
[Result "1/2-1/2"]
[WhiteElo "1852"]
[BlackElo "1951"]
[PlyCount "110"]
[EventDate "2013.??.??"]

1. b3 e5 2. Bb2 Nc6 3. e3 d5 4. Bb5 f6 5. Bxc6+ bxc6 6. Ne2 Nh6 7. f4 Nf7 8.
O-O Bd6 9. c4 O-O 10. Nbc3 Bb7 11. Rc1 Rb8 12. d4 dxc4 13. bxc4 c5 14. Ba1 Qe7
15. fxe5 fxe5 16. d5 Qh4 17. e4 Nh6 18. Qd3 Ba6 19. Ng3 Rxf1+ 20. Nxf1 Ng4 21.
Qg3 Qxg3 22. Nxg3 Bxc4 23. h3 Nf6 24. Kf2 Ba6 25. Ke3 g6 26. Na4 Nd7 27. Bc3 c4
28. Nf1 Bb4 29. Nd2 Kf7 30. Rf1+ Ke7 31. Rc1 Bxc3 32. Nxc3 Rb2 33. Rb1 Rxb1 34.
Ndxb1 Kd6 35. Nd2 Kc5 36. a3 Bb5 37. Nf3 h6 38. g4 Ba6 39. Nh4 Nf8 40. Na4+ Kd6
41. Nc3 c6 42. dxc6 Kxc6 43. Nf3 Kd6 44. Nd5 Bb7 45. Nc3 Bc6 46. Nd2 Kc5 47.
Nf3 Nd7 48. Nh4 Nf8 49. Nf3 Kd6 50. Nd2 g5 51. Nxc4+ Ke6 52. Nd2 Ng6 53. Nf3
Nf4 54. Ng1 Kf6 55. Nce2 h5 1/2-1/2

[Event "SR 3. liga A2 2013/2014"]
[Site "?"]
[Date "2014.02.02"]
[Round "8.6"]
[White "Kolenak, Matus"]
[Black "Vizvari, Ludovit"]
[Result "1-0"]
[WhiteElo "1949"]
[BlackElo "1996"]
[PlyCount "42"]
[EventDate "2013.??.??"]

1. e4 c5 2. Nf3 e6 3. c3 d5 4. exd5 exd5 5. d4 Nc6 6. Bd3 cxd4 7. O-O Nf6 8.
Re1+ Be7 9. Nxd4 Nxd4 10. cxd4 O-O 11. Nc3 Be6 12. Qb3 Qd7 13. Bf4 Bd6 14. Bxd6
Qxd6 15. Rac1 a6 16. Na4 b5 17. Nc5 Nd7 18. Qc2 g6 19. Nxe6 fxe6 20. Bxg6 hxg6
21. Qxg6+ Kh8 1-0

[Event "SR 3. liga A2 2013/2014"]
[Site "?"]
[Date "2014.02.02"]
[Round "8.6"]
[White "Kahancova, Jana"]
[Black "Krist, Milan"]
[Result "0-1"]
[WhiteElo "1652"]
[BlackElo "1946"]
[PlyCount "106"]
[EventDate "2013.??.??"]

1. e4 c6 2. d4 d5 3. e5 e6 4. f4 c5 5. c3 Nc6 6. Nf3 Qb6 7. b3 cxd4 8. cxd4 Nh6
9. Bb2 Bb4+ 10. Nc3 Nf5 11. a3 Ne3 12. Qd3 Bxc3+ 13. Qxc3 Nxf1 14. Rxf1 Bd7 15.
Rc1 O-O 16. Kf2 Rac8 17. Qd3 Na5 18. Ng5 g6 19. Qh3 h5 20. g4 Kg7 21. Rxc8 Bxc8
22. gxh5 Rh8 23. Qc3 Bd7 24. hxg6 fxg6 25. f5 exf5 26. Kg3 Rc8 27. Qe3 Qxb3 28.
Qxb3 Nxb3 29. e6 Be8 30. Re1 Nd2 31. Re5 Bc6 32. Bc1 Ne4+ 33. Nxe4 fxe4 34. Bg5
Rf8 35. Kg4 Rf3 36. h4 Rxa3 37. h5 gxh5+ 38. Kxh5 Rh3+ 39. Bh4 Rf3 40. Rg5+ Kf8
41. Rg4 a5 42. Kh6 Rh3 43. Kh7 Rxh4+ 44. Rxh4 Ke7 45. Rh6 Be8 46. Kg7 a4 47.
Rf6 b5 48. Rf5 Bc6 49. Rf6 b4 50. Rf7+ Kxe6 51. Ra7 b3 52. Ra6 Kd6 53. Rb6 e3
0-1

[Event "SR 3. liga A2 2013/2014"]
[Site "?"]
[Date "2014.02.02"]
[Round "8.6"]
[White "Mosny, Jaroslav"]
[Black "Korosi, Gejza"]
[Result "1-0"]
[WhiteElo "1916"]
[BlackElo "1518"]
[PlyCount "137"]
[EventDate "2013.??.??"]

1. d4 d5 2. Nf3 Nf6 3. e3 e6 4. Bd3 Nc6 5. O-O Be7 6. b3 O-O 7. Bb2 a6 8. Nbd2
Nb4 9. Be2 Nc6 10. a3 Bd7 11. Bd3 h6 12. c4 Na7 13. Ne5 Be8 14. f4 Nd7 15. Rc1
Nxe5 16. fxe5 c6 17. Qg4 b5 18. c5 Nc8 19. Rf3 Qd7 20. Rg3 g6 21. Rf1 Ra7 22.
Nf3 Kg7 23. Bc1 Bd8 24. Rh3 Rh8 25. Bd2 Ne7 26. Nh4 Ng8 27. Rg3 Bxh4 28. Qxh4
Ne7 29. Qf6+ Kg8 30. Be1 Nf5 31. Bxf5 exf5 32. Rxf5 Qe7 33. Qxe7 Rxe7 34. Rf6
Re6 35. Rgxg6+ fxg6 36. Rxe6 Kf7 37. Rf6+ Kg7 38. Bh4 g5 39. Bg3 h5 40. Rd6 h4
41. Bf2 Rh6 42. Kf1 Rxd6 43. cxd6 Bd7 44. Ke2 Kg6 45. Kf3 Kf5 46. g4+ hxg3 47.
Bxg3 g4+ 48. Ke2 Ke4 49. Kd2 Kf3 50. Bf4 Ke4 51. Kc3 a5 52. Bg5 Kf3 53. Kd3
Bf5+ 54. Kd2 Bd7 55. Bd8 a4 56. bxa4 bxa4 57. Bg5 Ke4 58. Bf4 Kf5 59. Kc3 Ke4
60. Kb4 Kf3 61. e6 Bxe6 62. Kxa4 Ke4 63. Kb4 Bc8 64. Kc5 Bd7 65. a4 Kf5 66. a5
Ke6 67. a6 Bc8 68. Kb6 Bxa6 69. Kxa6 1-0

[Event "SR 3. liga A2 2013/2014"]
[Site "?"]
[Date "2014.02.16"]
[Round "9.1"]
[White "Nicolini, Alexander"]
[Black "Zarecky, Eduard"]
[Result "0-1"]
[WhiteElo "2151"]
[BlackElo "1903"]
[PlyCount "78"]
[EventDate "2013.??.??"]

1. e4 g6 2. d4 Bg7 3. h4 h6 4. Nc3 c6 5. Be3 Qb6 6. Rb1 d6 7. Qd2 Qc7 8. Bd3
Nd7 9. Nge2 e5 10. h5 Ndf6 11. dxe5 dxe5 12. Ng3 Ng4 13. Bc5 Be6 14. f3 N4f6
15. Qe2 Nd7 16. Be3 Ne7 17. Bc4 Bxc4 18. Qxc4 Nb6 19. Qb3 g5 20. Rd1 Nd7 21.
O-O O-O 22. Rd2 b6 23. Qc4 Rac8 24. Qb4 Rfe8 25. Rfd1 Nb8 26. a4 Rcd8 27. Rxd8
Rxd8 28. Rxd8+ Qxd8 29. Qc4 Qd7 30. b4 g4 31. Qd3 gxf3 32. Qxd7 Nxd7 33. gxf3
Bf8 34. b5 Kh7 35. Kg2 Nf6 36. Nd1 cxb5 37. axb5 Nc8 38. Nb2 Bb4 39. Nc4 Bc3 {
time} 0-1

[Event "SR 3. liga A2 2013/2014"]
[Site "?"]
[Date "2014.02.16"]
[Round "9.1"]
[White "Bango, Lukas"]
[Black "Doucha, Ludvik"]
[Result "0-1"]
[WhiteElo "1781"]
[BlackElo "2039"]
[PlyCount "66"]
[EventDate "2013.??.??"]

1. c4 Nf6 2. Nc3 c5 3. g3 Nc6 4. Bg2 e6 5. Nf3 d5 6. cxd5 Nxd5 7. Nxd5 exd5 8.
d4 c4 9. O-O Be7 10. Ne5 Nxe5 11. dxe5 Be6 12. Qa4+ Qd7 13. Qxd7+ Kxd7 14. Rd1
Kc6 15. Be3 b5 16. a4 a6 17. Rac1 Bc5 18. Bxc5 Kxc5 19. Rd2 Rad8 20. Rcd1 d4
21. axb5 axb5 22. Ra1 c3 23. Rc2 Bb3 24. Rcc1 Kb4 25. bxc3+ dxc3 26. Be4 Rd2
27. Bd3 c2 28. Kg2 Rc8 29. Kf3 Rd1 30. Ke3 Rxc1 31. Rxc1 Kc3 32. f4 b4 33. Bb5
Rc5 0-1

[Event "SR 3. liga A2 2013/2014"]
[Site "?"]
[Date "2014.02.16"]
[Round "9.1"]
[White "Lukacovic, Miroslav"]
[Black "Slobodnik, Michal"]
[Result "1/2-1/2"]
[WhiteElo "2003"]
[BlackElo "1891"]
[PlyCount "100"]
[EventDate "2013.??.??"]

1. d4 g6 2. c4 Nf6 3. Nc3 d5 4. cxd5 Nxd5 5. e4 Nxc3 6. bxc3 Bg7 7. Bc4 O-O 8.
Be3 c5 9. Ne2 Nc6 10. O-O cxd4 11. cxd4 Qa5 12. Rc1 Bd7 13. Qb3 Rab8 14. Bf4 e5
15. Bg3 b5 16. Bd5 Rbc8 17. Bxc6 Bxc6 18. d5 Bd7 19. f3 Qd2 20. Kf2 a5 21. Rfd1
Qb4 22. Qxb4 axb4 23. Rxc8 Rxc8 24. Rc1 Rc4 25. Ke1 f6 26. Kd1 Bh6 27. Rc2 Kf7
28. Be1 Bf8 29. Nc1 f5 30. Nd3 Rd4 31. Ke2 Bd6 32. Ke3 fxe4 33. fxe4 Bg4 34.
Bg3 Ke7 35. Nxe5 Rxe4+ 36. Kxe4 Bf5+ 37. Kd4 Bxe5+ 38. Bxe5 Bxc2 39. Kc5 Kd7
40. Kxb4 Bd3 41. Kc5 Bf1 42. g3 h5 43. Bf4 Be2 44. Kd4 Bf1 45. Ke5 Be2 46. a3
Bf1 47. Kf6 Bd3 48. Kg5 Be4 49. h3 Bd3 50. Be5 Bc2 1/2-1/2

[Event "SR 3. liga A2 2013/2014"]
[Site "?"]
[Date "2014.02.16"]
[Round "9.1"]
[White "Kozinka, Jan"]
[Black "Bahna, Jan"]
[Result "0-1"]
[WhiteElo "1809"]
[BlackElo "1951"]
[PlyCount "104"]
[EventDate "2013.??.??"]

1. Nf3 Nf6 2. c4 Nc6 3. Nc3 e5 4. e3 d6 5. d4 Be7 6. d5 Nb8 7. Bd3 Nbd7 8. b4
a5 9. Ba3 axb4 10. Bxb4 O-O 11. O-O c5 12. dxc6 bxc6 13. a4 Ba6 14. Qc2 Re8 15.
Rfd1 Qc7 16. Nd2 Rab8 17. Rdb1 Bf8 18. h3 g6 19. Nce4 Nxe4 20. Nxe4 f5 21. Nc3
e4 22. Bf1 Ne5 23. Nd1 Qf7 24. c5 Bxf1 25. Kxf1 Nd3 26. Ba3 dxc5 27. Rxb8 Rxb8
28. a5 Ra8 29. Bb2 Ra7 30. Ra4 Bd6 31. g3 Kf8 32. Bc3 Qd5 33. Ba1 Nb4 34. Qc1
Qd3+ 35. Kg2 Qe2 36. Qb2 Qxb2 37. Bxb2 Bc7 38. Bc3 Rxa5 39. Rxa5 Bxa5 40. Nb2
Bc7 41. Kf1 Ke7 42. Ke2 Ke6 43. Kd2 Kd5 44. Bf6 Ba5 45. Ke2 c4 46. Na4 Na2 47.
Kd1 c3 48. Be7 Kc4 49. Kc2 c5 50. Bxc5 Kb5 51. Kb3 Nc1+ 52. Kc2 Nd3 0-1